Illit members - Statistics

General Stats
  • This quiz has been taken 166 times
  • The average score is 5 of 5
Answer Stats
Picture Answer % Correct
Moka
100%
Wonhee
100%
Iroha
99%
Minju
99%
Yunah
98%
No matching quizzes found
Score Distribution
Percent of People with Each Score
Percentile by Number Answered
Your Score History
You have not taken this quiz